[Event "Challenge"]
[Site "http://www.queenalice.com/game.php?id=431833"]
[Date "2008.7.12"]
[Round "-"]
[White "BOSQUES"]
[Black "jose03"]
[Result "1-0"]
[WhiteElo "1655"]
[BlackElo "1545"]

1. d4 e6 2. e4 b6 3. g3 h5 4. c4 h4 5. Qf3 Nc6 6. d5 Nb4 7. Bd3 c6 8. Nh3 hxg3
9. Qxg3 Bc5 10. Qxg7 Nxd3+ 11. Ke2 Qf6 12. Qxf6 Nxf6 13. Kxd3 Rxh3+ 14. Ke2 Ba6
15. b3 Nxe4 16. Rg1 Ke7 17. Bg5+ Nxg5 18. Rxg5 cxd5 19. Nd2 1-0

[Event "Challenge"]
[Site "http://www.queenalice.com/game.php?id=431836"]
[Date "2008.7.12"]
[Round "-"]
[White "jose03"]
[Black "BOSQUES"]
[Result "0-1"]
[WhiteElo "1509"]
[BlackElo "1667"]

1. e3 e5 2. b3 g6 3. d4 e4 4. g3 d5 5. Nc3 Bb4 6. Qd2 c6 7. Bb2 a5 8. a4 Bg4 9.
Bh3 Bf3 10. Nxf3 exf3 11. Ba3 Bxa3 12. Rxa3 Nf6 13. Qd3 Qd6 14. Nb1 Qb4+ 15. Qd2
Ne4 16. Qxb4 axb4 17. Ra2 f5 18. a5 Nd7 19. g4 O-O 0-1

[Event "Let's Play Chess!"]
[Site "http://www.queenalice.com/game.php?id=452710"]
[Date "2008.8.25"]
[Round "-"]
[White "Elgringo"]
[Black "jose03"]
[Result "1-0"]
[WhiteElo "1574"]
[BlackElo "1521"]

1. e4 e6 2. Nf3 b6 3. Nc3 Ba6 4. d4 g6 5. a3 Bh6 6. Bb5 c6 7. Bxa6 Nxa6 8. O-O
b5 9. Ne5 Qh4 10. Nf3 Qh5 11. b4 Rc8 12. a4 Nxb4 13. Rb1 Na6 14. axb5 Nb8 15.
Bxh6 Nxh6 16. Qd2 O-O 17. Ne2 f5 18. Ng3 Qg4 19. Qxh6 1-0

[Event "AUTO-INT-1014"]
[Site "http://www.queenalice.com/game.php?id=453575"]
[Date "2008.8.25"]
[Round "1"]
[White "Wecker"]
[Black "jose03"]
[Result "1-0"]
[WhiteElo "1581"]
[BlackElo "1480"]

1. d4 e6 2. c4 Bb4+ 3. Bd2 Bxd2+ 4. Qxd2 d5 5. cxd5 Qxd5 6. Nc3 Qd7 7. e4 e5 8.
Nf3 Nc6 9. d5 Nb4 10. a3 Na6 11. Nxe5 Qd6 12. Bxa6 bxa6 13. Qf4 Nf6 14. O-O h6
15. Nd3 g5 16. Qe3 Kd8 17. e5 Qe7 18. exf6 Qxf6 19. Qe5 Qxe5 20. Nxe5 Ke7 21.
Rfe1 f6 22. Ng6+ Kd8 23. Nxh8 c6 24. d6 Bf5 25. Rad1 Kd7 26. Re7+ Kd8 27. Nf7+
1-0

[Event "AUTO-INT-1014"]
[Site "http://www.queenalice.com/game.php?id=453576"]
[Date "2008.8.25"]
[Round "1"]
[White "jose03"]
[Black "Wecker"]
[Result "0-1"]
[WhiteElo "1454"]
[BlackElo "1656"]

1. e4 e5 2. b3 Bc5 3. g3 Nf6 4. d3 Nc6 5. Ba3 b6 6. Bg2 Qe7 7. Qc1 Ng4 8. h3
Nxf2 9. Rh2 Nd4 10. Kxf2 Nxb3+ 11. Ke2 Nxc1+ 12. Bxc1 Bb7 13. Be3 Bxe3 14. Kxe3
Qb4 15. Nd2 Qd4+ 16. Ke2 Qxa1 17. Rh1 Qxa2 18. h4 Qxc2 19. Nf3 d6 20. Rb1 O-O-O
21. Bh3+ Kb8 22. Ne1 Qc6 23. Kd1 Rhf8 24. Nc2 h5 25. Nf3 f6 26. Rb4 f5 27. Ng5
fxe4 28. Nxe4 d5 29. Ng5 a5 30. Rb3 d4 31. Ne4 Qg6 32. Ne3 dxe3 33. Ke2 Bxe4 34.
Kxe3 Rxd3+ 35. Rxd3 Bxd3 0-1

[Event "AUTO-INT-1014"]
[Site "http://www.queenalice.com/game.php?id=453591"]
[Date "2008.8.25"]
[Round "1"]
[White "THEJEGUE"]
[Black "jose03"]
[Result "1-0"]
[WhiteElo "1708"]
[BlackElo "1425"]

1. e4 e5 2. f3 d5 3. d3 g6 4. exd5 Qxd5 5. Nc3 Qd4 6. a3 Bh6 7. Nge2 Bxc1 8.
Nxd4 Bxb2 9. Nb3 Bxc3+ 10. Nd2 Bxd2+ 11. Qxd2 Nc6 12. Qc3 Nd4 13. Qxc7 Nc6 14.
Qd6 Nge7 15. Rb1 h5 16. Rd1 Be6 17. a4 h4 18. Rb1 b6 19. Qa3 Rd8 20. Be2 Rd4 21.
c3 Rf4 22. c4 Rd4 23. c5 Nd5 24. cxb6 Rb4 25. O-O h3 26. g3 a5 27. d4 Nxd4 28.
Bb5+ Bd7 29. Qd3 Nxb6 30. Bxd7+ Kxd7 31. Rxb4 axb4 32. Qa6 Nd5 33. Qa7+ Ke6 34.
Re1 g5 35. Qa6+ Ke7 36. Rxe5+ Kf8 37. Rxg5 Ne6 38. Rxd5 Kg7 39. Qd3 Rb8 40. Rb5
Rc8 41. Qb1 Rc3 42. Qxb4 Rxf3 43. Qg4+ Kh6 44. Rh5# 1-0

[Event "AUTO-INT-1014"]
[Site "http://www.queenalice.com/game.php?id=453592"]
[Date "2008.8.25"]
[Round "1"]
[White "jose03"]
[Black "THEJEGUE"]
[Result "0-1"]
[WhiteElo "1441"]
[BlackElo "1568"]

1. e4 e5 2. Qh5 d6 3. b3 Nf6 4. Qh4 Be7 5. Qg5 g6 6. h4 Nxe4 7. Qh6 Bf6 8. Rh3
Bxh3 9. Nxh3 Bxh4 10. Qg7 Qf6 11. Qxf6 Bxf6 12. Bb2 h5 13. Nc3 Nxc3 14. Bxc3 O-O
15. d3 Nc6 16. g3 Nd4 17. Kd1 Rae8 18. Bg2 Nc6 19. Kd2 a5 20. f4 d5 21. Bxd5 Kg7
22. Re1 exf4 23. Nxf4 Bxc3+ 24. Kxc3 Rxe1 25. Kc4 Ne5+ 26. Kc5 b6+ 27. Kb5 Rg1
28. Ng2 Rc8 29. d4 c6+ 0-1

[Event "AUTO-INT-1014"]
[Site "http://www.queenalice.com/game.php?id=453603"]
[Date "2008.8.25"]
[Round "1"]
[White "jose03"]
[Black "chesplayer"]
[Result "0-1"]
[WhiteElo "1492"]
[BlackElo "1741"]

1. e4 e5 2. b3 Qh4 3. g3 Qxe4+ 4. Qe2 Qxh1 5. f3 Qxg1 6. Qf2 Qxf2+ 7. Kxf2 Bc5+
8. Ke1 Nf6 9. d3 O-O 10. a4 Nc6 11. Bb2 d5 12. a5 Nb4 13. Kd2 Bg1 14. Bxe5 Re8
15. Bxc7 Be3+ 16. Kc3 Na6 17. Na3 d4+ 18. Kb2 Bd2 19. Nc4 Bc3+ 20. Kb1 Re1+ 21.
Ka2 Rxa1# 0-1

[Event "AUTO-INT-1014"]
[Site "http://www.queenalice.com/game.php?id=453604"]
[Date "2008.8.25"]
[Round "1"]
[White "chesplayer"]
[Black "jose03"]
[Result "1-0"]
[WhiteElo "1780"]
[BlackElo "1459"]

1. e4 d5 2. exd5 Qxd5 3. Nc3 Qe5+ 4. Be2 g6 5. d4 Qa5 6. Bd2 Qb4 7. Nd5 Qd6 8.
Bc4 Bg7 9. Bf4 Qc6 10. b3 Qe6+ 11. Ne2 b6 12. Nxc7+ Kd8 13. Bxe6 fxe6 14. Nxa8
Nc6 15. Bc7+ Ke8 16. Rb1 Nf6 17. Bg3 Nd5 18. c4 Rf8 19. cxd5 exd5 20. Nc7+ Kd8
21. Nxd5 e5 22. Bxe5 Nxe5 23. dxe5 Bxe5 24. Nxb6+ Kc7 25. Nd5+ Kb7 26. Qc1 Rd8
27. Nb4 Bf5 28. Qc6+ Kb8 29. Na6# 1-0

[Event "AUTO-OPEN-1318"]
[Site "http://www.queenalice.com/game.php?id=484468"]
[Date "2008.10.28"]
[Round "1"]
[White "black13"]
[Black "jose03"]
[Result "1-0"]
[WhiteElo "1810"]
[BlackElo "1419"]

1. Nc3 d5 2. d4 Nc6 3. e4 dxe4 4. d5 Ne5 5. Nxe4 c6 6. Nc3 cxd5 7. Qxd5 Qxd5 8.
Nxd5 Kd7 9. Bf4 e6 10. Bxe5 f6 11. Nxf6+ Nxf6 12. O-O-O+ Bd6 13. Bxd6 a6 14.
Bf8+ Ke8 15. Bxg7 Rf8 16. Bxf8 Kxf8 17. Bd3 b5 18. Nf3 Bb7 19. Be2 Bd5 20. b3 e5
21. Nxe5 Re8 22. Bf3 Rxe5 23. Bxd5 Nxd5 24. Rhe1 Rf5 25. f3 Nc3 26. Rd8+ Kg7 27.
Rd7+ Rf7 28. Rxf7+ Kxf7 29. Kb2 Nd5 30. g4 Kf6 31. Rd1 Nf4 32. Rd6+ Ne6 33. Rxa6
h6 34. Rb6 b4 35. f4 Kf7 36. f5 Ng5 37. Rxh6 Kg7 38. Rb6 Ne4 39. Rxb4 Ng5 40.
Rb6 Nf7 41. a4 Nd8 42. a5 Nf7 43. a6 1-0

[Event "AUTO-OPEN-1318"]
[Site "http://www.queenalice.com/game.php?id=484469"]
[Date "2008.10.28"]
[Round "1"]
[White "jose03"]
[Black "black13"]
[Result "0-1"]
[WhiteElo "1418"]
[BlackElo "1808"]

1. e4 c5 2. d4 cxd4 3. Qxd4 Nc6 4. Qd2 e5 5. Nf3 d6 6. Nc3 Nf6 7. b3 a6 8. Ba3
b5 9. Nd5 Nxe4 10. Qe3 Nf6 11. Qb6 Qxb6 12. Nxb6 Rb8 13. Nxc8 Rxc8 14. c3 Be7
15. c4 b4 16. Bb2 O-O 17. O-O-O Ng4 18. Rd2 e4 19. Nd4 Bg5 20. f3 Bxd2+ 21. Kxd2
exf3 22. gxf3 Nge5 23. Bh3 Rc7 24. a3 Nxd4 25. Bxd4 Nxf3+ 26. Ke3 Nxd4 27. Kxd4
bxa3 28. Ra1 Re8 29. Rxa3 Ra7 30. Ra5 Re2 31. Bc8 Rxh2 32. c5 Rh5 33. b4 dxc5+
34. bxc5 Rg5 35. Bxa6 Rg6 36. Kc4 Rgxa6 37. Rxa6 Rxa6 38. Kb5 Ra8 39. c6 h5 40.
c7 h4 41. Kb6 h3 42. Kb7 Re8 43. c8=Q Rxc8 44. Kxc8 f5 45. Kd7 f4 46. Ke6 f3 47.
Kf5 f2 48. Kg4 f1=Q 49. Kg3 Qg2+ 0-1

[Event "AUTO-OPEN-1318"]
[Site "http://www.queenalice.com/game.php?id=484488"]
[Date "2008.10.28"]
[Round "1"]
[White "jose03"]
[Black "Mick_Gray"]
[Result "0-1"]
[WhiteElo "1415"]
[BlackElo "1771"]

1. e4 e6 2. Nf3 d5 3. Nc3 dxe4 4. Nxe4 Nf6 5. Bd3 Bc5 6. Nxc5 b6 7. Ne4 Nxe4 8.
Bxe4 c6 9. c3 Ba6 10. Nd4 Qd6 11. Qa4 Bb7 12. b4 b5 13. Qa5 O-O 14. a4 f5 15.
Bf3 e5 16. Ne2 e4 17. axb5 exf3 18. bxc6 Bxc6 19. Qc5 Qxc5 20. bxc5 fxe2 21. f3
Re8 22. Rg1 g5 23. d4 f4 24. g3 fxg3 25. Rxg3 h6 26. f4 Nd7 27. fxg5 h5 28. Ra6
Bb5 29. Rd6 Rad8 30. Rf3 Rf8 31. Bf4 a5 32. c6 Nb6 33. Rh6 Rc8 34. h4 Nd5 35.
Rg6+ Kh7 36. Rh6+ Kg7 37. Rf6 Nxf6 38. Be5 Rxc6 39. d5 Rc5 40. Bxf6+ Rxf6 41.
gxf6+ Kf7 42. Rf5 Rxc3 43. d6 Rc1+ 44. Kf2 e1=Q+ 45. Kf3 Qe2+ 46. Kf4 Rf1+ 47.
Kg5 Qg4+ 48. Kh6 Qg6# 0-1

[Event "AUTO-OPEN-1318"]
[Site "http://www.queenalice.com/game.php?id=484489"]
[Date "2008.10.28"]
[Round "1"]
[White "Mick_Gray"]
[Black "jose03"]
[Result "1-0"]
[WhiteElo "1769"]
[BlackElo "1418"]

1. e4 Nc6 2. Nf3 Nf6 3. Bc4 Nxe4 4. d3 d5 5. Bb3 e6 6. dxe4 dxe4 7. Qxd8+ Kxd8
8. Ng5 Be7 9. Nxf7+ Ke8 10. Nxh8 Ne5 11. Nc3 b6 12. Bf4 Bf6 13. Nxe4 Bb7 14.
Nxf6+ gxf6 15. Bxe6 Ke7 16. Nf7 Nxf7 17. Bh3 Rd8 18. O-O c5 19. Rfe1+ Kf8 20.
Rad1 c4 21. Rxd8+ Nxd8 22. Bd6+ Kg7 23. Re7+ Kh6 24. Bd7 Bd5 25. Bf5 Kg5 26. Bh3
Kg6 27. Bg3 Nf7 28. f4 Kg7 29. Be6 Kf8 30. Bxf7 Bxf7 31. Rxa7 Kg7 32. b4 Kg8 33.
c3 Bd5 34. a4 Bc6 35. b5 Bd5 36. a5 bxa5 37. Rxa5 Kf7 38. b6 Ke7 39. Rxd5 Ke6
40. Rd4 Kf5 41. b7 h5 42. b8=Q Kg6 43. Qg8+ 1-0

[Event "AUTO-INT-1164"]
[Site "http://www.queenalice.com/game.php?id=520036"]
[Date "2009.1.10"]
[Round "1"]
[White "jose03"]
[Black "gmronaldinho"]
[Result "0-1"]
[WhiteElo "1401"]
[BlackElo "1516"]

1. e4 c5 2. Nc3 Nc6 3. Nf3 g6 4. Bc4 Bg7 5. b3 d6 6. Ng5 e6 7. Qf3 Qxg5 8. Nb5
Qe7 9. Qd3 Kd7 10. e5 Bxe5 11. a4 Bxa1 12. Nxd6 Qxd6 13. Ba3 Qxd3 14. cxd3 b6
15. Ke2 Be5 16. Re1 Nd4+ 17. Kf1 Bd6 18. f3 Nc2 19. Re4 Nxa3 20. g4 Bb7 21. d4
Bxe4 22. fxe4 Nxc4 23. bxc4 f5 24. gxf5 Rf8 25. d5 exf5 26. Ke2 fxe4 27. Ke3
Rf3+ 28. Kxe4 Rh3 29. d3 Nf6# 0-1

[Event "AUTO-INT-1164"]
[Site "http://www.queenalice.com/game.php?id=520037"]
[Date "2009.1.10"]
[Round "1"]
[White "gmronaldinho"]
[Black "jose03"]
[Result "1-0"]
[WhiteElo "1448"]
[BlackElo "1399"]

1. e4 Nc6 2. d4 e5 3. Nf3 d5 4. Bb5 a6 5. exd5 Qxd5 6. Bxc6+ bxc6 7. Nc3 Qe6 8.
dxe5 Rb8 9. O-O Bc5 10. Ne4 Rb5 11. a4 f5 12. Neg5 Qd5 13. axb5 Qxd1 14. Rxd1
cxb5 15. e6 h6 16. Nf7 Rh7 17. Rd8+ Ke7 18. Rxc8 Kxe6 19. Rxc7 Be7 20. N3e5 Bd6
21. Rc6 g5 22. Rxd6+ Ke7 23. Rd7+ Kf6 24. Rxa6+ Kg7 25. Nxg5+ Kf8 26. Ra8# 1-0

[Event "AUTO-INT-1164"]
[Site "http://www.queenalice.com/game.php?id=520038"]
[Date "2009.1.10"]
[Round "1"]
[White "jose03"]
[Black "The_Searcher"]
[Result "1-0"]
[WhiteElo "1385"]
[BlackElo "1374"]

1. e4 e5 2. Nf3 Nc6 3. Nc3 Nf6 4. Bc4 Bb4 5. a3 Bxc3 6. bxc3 O-O 7. d4 exd4 8.
cxd4 d6 9. Qd3 Bg4 10. d5 Ne7 11. e5 dxe5 12. Nxe5 Bd7 13. Rb1 b6 14. Rg1 Bf5
15. Qd4 c5 16. Qd3 Bxd3 17. cxd3 a5 18. Rxb6 Qxb6 19. f3 Rad8 20. Bf4 Qb1+ 21.
Kf2 Qc2+ 22. Kg3 Rb8 23. d6 Nf5+ 24. Kh3 g6 25. g4 g5 26. Bxg5 Rfe8 27. Bxf6 Nd4
28. Nd7 Rb1 29. Rg2 Re2 30. Rg3 Rh1 31. g5 Ne6 32. Kg4 Qc1 33. Kf5 Ng7+ 34. Bxg7
Kxg7 35. Ne5 Rg1 36. d7 Qxa3 37. Bxf7 Rxg3 38. d8=Q Rxe5+ 39. Kxe5 Rxg5+ 40.
Qxg5+ Kf8 41. Qg8+ Ke7 42. Qe8# 1-0

[Event "AUTO-INT-1164"]
[Site "http://www.queenalice.com/game.php?id=520039"]
[Date "2009.1.10"]
[Round "1"]
[White "The_Searcher"]
[Black "jose03"]
[Result "1-0"]
[WhiteElo "1358"]
[BlackElo "1417"]

1. e4 d5 2. exd5 Qxd5 3. Nc3 Qc6 4. Nf3 Nf6 5. Bb5 Nd5 6. Bxc6+ bxc6 7. O-O Ba6
8. Nxd5 cxd5 9. Re1 g6 10. d4 Nc6 11. Bf4 Kd7 12. Ne5+ Kd6 13. Nd3+ Kd7 14. Nc5+
Kc8 15. Nxa6 Bg7 16. Bxc7 Bxd4 17. c3 Nb8 18. Bxb8 Rxb8 19. Nxb8 Kxb8 20. cxd4
Re8 21. Qb3+ Kc7 22. Rac1+ Kd6 23. Qa3+ Kd7 24. Qxa7+ Kd6 25. Rc5 Rd8 26. Qb6+
Kd7 27. Rc7+ Ke8 28. Rexe7+ Kf8 29. Rxf7+ Kg8 30. Rg7+ Kf8 31. a4 Re8 32. Qf6#
1-0

[Event "Challenge"]
[Site "http://www.queenalice.com/game.php?id=567115"]
[Date "2009.4.5"]
[Round "-"]
[White "jose03"]
[Black "carloskasparov"]
[Result "0-1"]
[WhiteElo "1390"]
[BlackElo "1213"]

1. e4 Nc6 2. Nc3 Nd4 3. Nf3 Ne6 4. d4 c5 5. d5 Nc7 6. Bf4 e5 7. Bxe5 d6 8. Nb5
a6 9. Bxd6 Bxd6 10. e5 Ne7 11. exd6 Nxb5 12. a4 Nd4 13. c3 Ndf5 14. dxe7 Qxe7+
15. Be2 O-O 16. Qd3 Qd6 17. g4 Ne7 18. Rb1 Bxg4 19. b4 Bf5 20. bxc5 Qxd5 21.
Rxb7 Qxb7 22. Qc4 Nd5 23. c6 Qb1+ 24. Bd1 Bh3 25. Qxd5 h6 26. Nd2 Rae8+ 27. Ne4
Be6 28. Qa5 Qxe4+ 0-1